000 00335nam a2200145Ia 4500
008 230718s9999 xx 000 0 und d
041 _aEng.
082 _a345549
_bYAH-A
100 _aYahor,hanif Maim
245 0 _aAccountability 1999
260 _aPakistan
_bPunjab Law Book
_c2016
300 _a153
650 _aLaw
999 _c30868
_d30868